000 00879nam a2200253 a 4500
001 000020711
003 DO-SdBNP
005 20260429123223.0
008 090901s2003 dr 000 0 spa d
020 _a9993480444
040 _aDO-SdBNP
_bspa
_cBPJMB
082 4 _a302.14
_bA275c
_222
100 1 _aAgosto, Gabriela
_92628
245 1 0 _aCapital social comunitario en la República Dominicana /
_cGabriela, Agosto ; prólogo Esther del Campo.
260 _aSanto Domingo :
_bBúho,
_c2003.
300 _a351 p. ;
_c23 cm.
504 _aIncluiye referencias bibliográáficas y notas al pie de las páginas
650 0 _aCapital social
_943456
650 0 _aParticipación social
_zRepública Dominicana
_977777
650 0 _aParticipación política
_9456
650 0 _aPoder de la comunidad
_943457
700 1 _aCampo, Esther del,
_epról.
_918201
942 _2ddc
_cLBS1
999 _c20215
_d20215